000 00455nam a2200181Ia 4500
001 2961
005 20260306144845.0
008 260306t2002||||xx |||||||||||||| ||spa||
041 _aESP
082 _a236
_bA62
100 _aMartínez Puche, José A. (comp.)
_eAUT
245 0 _aAntología Mariana:
_b100 autores hablan de María
260 _c2002
300 _a421 páginas :
_c21 cm.
650 _aGEN
654 _aCHU
942 _cLIB
_dJUS
_fJUS
_2ddc
_n
999 _c2961
_d2961